000 nam a22 7a 4500
999 _c329436
_d329436
003 Nust
005 20171114101857.0
008 170505b xxu||||| |||| 00| 0 eng d
040 _cNUST
041 _hurdu
082 _a891.43915
_bAKH
100 _aAkhtar, Malik Hassan
_989
245 _aIqbal aik tehqeeqi mutalia
_cby Dr. Malik Muhammad Hassan Akhtar
260 _aLahore:
_bIqbal academy,
_c1996
300 _a210 p.
650 _aIqbaliyat
_981
880 _6100-01\(3\r
_a حسن اختر
880 _6245-02\(3\r
_aاقبال ایک تحقیقی مطالعہ
_cحسن اختر
880 _6260-03\(3\r
_aلاہور:
_bاقبال اکیڈیمی،
_c1988
942 _2ddc
_cBK